Principio de Pascal / (Record no. 182521)

MARC details
000 -LEADER
campo de control de longitud fija 00895nam a2200229 i 4500
001 - NÚMERO DE CONTROL
campo de control 182521
003 - IDENTIFICADOR DE NÚMERO DE CONTROL
campo de control ES-MaACL
005 - FECHA Y HORA DE LA ÚLTIMA TRANSACCIÓN
campo de control 20240202063021.0
008 - DATOS DE LONGITUD FIJA--INFORMACIÓN GENERAL
campo de control de longitud fija 130911s2013 sp | |||||||| | spa d
020 ## - NÚMERO INTERNACIONAL ESTÁNDAR DEL LIBRO
Número Internacional Estándar del Libro 978-84-235-3335-0
080 ## - NÚMERO DE LA CLASIFICACIÓN DECIMAL UNIVERSAL
Número de la Clasificación Decimal Universal 821.134.2-14"19"
100 1# - ENTRADA PRINCIPAL--NOMBRE DE PERSONA
Nombre de persona Pascal Ros, Alfonso,
Fechas asociadas al nombre 1965-
9 (RLIN) 89316
245 10 - MENCIÓN DEL TÍTULO
Título Principio de Pascal /
Mención de responsabilidad, etc. Alfonso Pascal Ros.
250 ## - MENCION DE EDICION
Mención de edición 1ª ed.
260 ## - PUBLICACIÓN, DISTRIBUCIÓN, ETC.
Lugar de publicación, distribución, etc. [Pamplona] :
Nombre del editor, distribuidor, etc. Gobierno de Navarra, Departamento de Cultura, Turismo y Relaciones Institucionales :
-- distribuye, Fondo de Publicaciones del Gobierno de Navarra,
Fecha de publicación, distribución, etc. 2013.
300 ## - DESCRIPCIÓN FÍSICA
Extensión 71 p. ;
Dimensiones 24 cm.
586 8# - NOTA DE PREMIOS
Nota de premios Premio a la Creación Literaria-Poesía, 2012
852 ## - LOCALIZACIÓN
Ubicación ES-MaACL
Número de control de estantería A-12913
itemnumber 189434
Sublocalización o colección R.149739
Ubicación en estantería Depósito 1
Signatura antigua Olim: N-5913
Encuadernación Donación: Alfonso Pascal Ros
903 ## - NOMBRE PERSONAL DE DONANTE
a Pascal Ros, Alfonso,
d 1965-
e Donante
9 89316
942 ## - ELEMENTOS DE ENTRADA SECUNDARIOS (KOHA)
Fuente del sistema de clasificación o colocación Clasificación decimal universal
Tipo de ítem Koha Libro impreso
Holdings
Estatus retirado Estado de pérdida Fuente del sistema de clasificación o colocación Estado de daño No para préstamo Biblioteca de origen Biblioteca actual Ubicación en estantería Fecha de adquisición Fuente de adquisición Total de préstamos Signatura topográfica completa Código de barras Visto por última vez Precio de reemplazo Tipo de ítem Koha
    Clasificación decimal universal     Biblioteca del Ateneo de Madrid Biblioteca del Ateneo de Madrid Depósito 1 11/09/2013 Donación   A-12913 1191812 23/02/2023 23/02/2023 Libro impreso